00398nam a22001217a 4500020000800000040001600008082001300024100002900037245012600066250001900192260003800211300002700249 qHB. cFIZZA ISHAQ a909bWIL a Williams , Henry Smith. a Normal view MARC view ISBD view The historians' history of the world in twenty-five volumes, c Henry Smith Williams. avolume : XVIII aNew York:bThe Trow Press,c1904. axi ; 640 P. ;c26.5 cm